Introduction to algorithms

Wedi'i Gadw mewn:
Manylion Llyfryddiaeth
Prif Awduron: Cormen, Thomas H (Awdur), Leiserson, Charles E (Awdur), Rivest, Ronald L (Awdur), Stein, Clifford (Awdur)
Fformat: Llyfr
Iaith:Saesneg
Cyhoeddwyd: Cambridge, USA. MIT Press, 2009
Rhifyn:3a. ed
Pynciau:
Tagiau: Ychwanegu Tag
Dim Tagiau, Byddwch y cyntaf i dagio'r cofnod hwn!

MARC

LEADER 00000cam a2200000 a 4500
001 UCE9433
003 CL-VaPUC
005 20230629131655.0
008 151022e20090000us |||||||||||||||||eng|d
999 |c 361097  |d 361095 
020 |a 9780262033848 
040 |c Pontificia Universidad Católica de Valparaíso 
082 0 4 |a 005.1 COR 2009  |2 21 
100 0 |a Cormen, Thomas H  |e author  |9 582262 
245 1 0 |a Introduction to algorithms 
250 |a 3a. ed 
260 |a Cambridge, USA.  |b MIT Press,  |c 2009 
300 |a 1292 páginas 
583 |a last modification  |c 20151022 17:18:00  |k Rodrigo Vera 
650 0 |a Programación de computadores   |9 259531 
650 0 |a Algoritmos   |9 260639 
700 0 |a Leiserson, Charles E  |e author  |9 582263 
700 0 |a Rivest, Ronald L  |e author  |9 582264 
700 0 |a Stein, Clifford  |e author  |9 582265 
852 |a BIBCUR 
942 |c BK  |2 ddc 
945 |d 20151022 17:18:00  |a dcastane 
952 |0 0  |1 0  |2 ddc  |4 0  |6 005_100000000000000_COR_2009  |7 0  |8 A  |9 128476  |a BIBGIM  |b BIBGIM  |d 2019-10-17  |e 1  |g 101914.00  |i 556509K  |l 1  |o 005.1 COR 2009  |p 556509K  |r 2025-01-15  |s 2024-05-06  |t 3  |v 101914.00  |w 2019-10-17  |y BK  |k EST 
952 |0 0  |1 0  |3 erd  |4 0  |6 005_100000000000000_COR_2009  |7 0  |8 A  |9 471420  |a BIBMAT  |b BIBMAT  |i 5244420  |o 005.1 COR 2009  |p 5244420  |r 2025-01-07  |w 2019-11-24  |y BK  |z Catalogado en:20151022  |k MAT 
952 |0 0  |1 0  |3 erd  |4 0  |6 005_100000000000000_COR_2009  |7 0  |8 A  |9 471421  |a BIBING  |b BIBING  |i 5265495  |o 005.1 COR 2009  |p 5265495  |r 2024-01-25  |w 2019-11-24  |y BK  |z Catalogado en:20160303  |k EII 
952 |0 0  |1 0  |2 ddc  |4 0  |6 005_100000000000000_COR_2009  |7 0  |8 A  |9 577423  |a BIBGIM  |b BIBGIM  |d 2021-01-05  |e 74  |g 87626.00  |i 5581729  |l 1  |o 005.1 COR 2009  |p 5581729  |r 2025-01-15  |s 2024-05-03  |t 4  |v 87626.00  |w 2021-01-05  |y BK  |k EST 
952 |0 0  |1 0  |2 ddc  |4 0  |6 005_100000000000000_COR_2009  |7 0  |8 A  |9 582828  |a BIBING  |b BIBING  |c GEN  |d 2022-05-02  |e 74  |g 135521.80  |i 5651012  |o 005.1 COR 2009  |p 5651012  |r 2024-01-25  |t 8  |v 135521.80  |w 2022-05-02  |y BK  |k CCI 
952 |0 0  |1 0  |2 ddc  |4 0  |6 005_100000000000000_COR_2009  |7 0  |8 A  |9 582829  |a BIBING  |b BIBING  |c GEN  |d 2022-05-02  |e 74  |g 135521.80  |i 5651013  |l 1  |o 005.1 COR 2009  |p 5651013  |r 2024-01-25  |s 2023-03-09  |t 9  |v 135521.80  |w 2022-05-02  |y BK  |k CCI 
952 |0 0  |1 0  |2 ddc  |4 0  |6 005_100000000000000_COR_2009  |7 0  |8 A  |9 582830  |a BIBING  |b BIBING  |c GEN  |d 2022-05-02  |e 74  |g 135521.80  |i 5651011  |o 005.1 COR 2009  |p 5651011  |r 2024-01-25  |t 7  |v 135521.80  |w 2022-05-02  |y BK  |k CCI 
952 |0 0  |1 0  |2 ddc  |4 0  |6 005_100000000000000_COR_2009  |7 0  |8 A  |9 582831  |a BIBING  |b BIBING  |c GEN  |d 2022-05-02  |e 74  |g 135521.80  |i 5651009  |o 005.1 COR 2009  |p 5651009  |r 2024-01-25  |t 5  |v 135521.80  |w 2022-05-02  |y BK  |k CCI 
952 |0 0  |1 0  |2 ddc  |4 0  |6 005_100000000000000_COR_2009  |7 0  |8 A  |9 582832  |a BIBING  |b BIBING  |c GEN  |d 2022-05-02  |e 74  |g 135521.80  |i 5651010  |o 005.1 COR 2009  |p 5651010  |r 2024-01-25  |t 6  |v 135521.80  |w 2022-05-02  |y BK  |k CCI